|
|
|
|
| LEADER |
01186nam a2200277 a 4500 |
| 001 |
14816137 |
| 008 |
120329r20082007enka b 001 0 eng |
| 010 |
|
|
|a 2007016909
|
| 020 |
|
|
|a 9780521692939
|
| 020 |
|
|
|a 0521692938
|
| 040 |
|
|
|a DLC
|c DLC
|d YDX
|d BAKER
|d BTCTA
|d YDXCP
|d DLC
|d BD-DhAAL
|
| 050 |
0 |
0 |
|a P53.27
|b .S53 2007
|
| 082 |
0 |
0 |
|a 418/.0076
|2 22
|
| 100 |
1 |
|
|a Shaw, Stuart D.,
|d 1962-
|
| 245 |
1 |
0 |
|a Examining writing :
|b research and practice in assessing second language writing /
|c Stuart D. Shaw and Cyril J. Weir.
|
| 260 |
|
|
|a Cambridge ;
|a New York ;
|a Delhi :
|b Cambridge University Press,
|c 2008.
|
| 300 |
|
|
|a xiv, 344 p. :
|b ill. ;
|c 23 cm.
|
| 490 |
0 |
|
|a Studies in language testing ;
|v 26
|
| 504 |
|
|
|a Includes bibliographical references (p. 315-338) and index.
|
| 541 |
|
|
|e 00024858
|
| 650 |
|
0 |
|a Language and languages
|x Ability testing.
|
| 650 |
|
0 |
|a Rhetoric
|x Ability testing.
|
| 700 |
1 |
|
|a Weir, Cyril J.
|
| 852 |
1 |
|
|a Ayesha Abed Library
|c General shelf.
|
| 999 |
|
|
|c 12053
|d 12053
|
| 952 |
|
|
|0 0
|1 0
|2 ddc
|4 0
|6 418_007600000000000_SHA
|7 0
|9 19857
|a BRACUL
|b BRACUL
|c GEN
|d 2012-03-28
|e karim International
|g 4044.00
|l 3
|m 25
|o 418.0076 SHA
|p 3010024858
|r 2017-01-03
|s 2016-06-29
|t 1
|w 2012-03-29
|y BK
|